000 00769nam a22002057a 4500
005 20250327053350.0
008 250327b |||||||| |||| 00| 0 eng d
020 _a9781484285213
040 _cAIMIT LIBRATY
082 _21
_a004.6002
_bNOKT
100 _aNokeri, Tshepo Chris.
_9206961
245 _aWeb app development and real- time web analytics with python :
_bdevelop and integrate machine learning algorithms into web apps /
_cBy Tshepo Chris Nokeri.
250 _a1st ed.
260 _aNew York :
_bApress ,
_c2025.
300 _axv,226p. ;
_bPB
_c25.8 cm
650 _aInteractive tabulation and charting
_9206962
650 _aDash bootstrap components
_9206963
650 _aDeploying a web app on the cloud
_9206964
942 _2ddc
_cBK
_e1st
_k004.6002 NOKT
999 _c234018
_d234018